Statistics for Summer Olympics - Wrestling Medals

Click here to take the quiz!

General Stats

  • This quiz has been taken 206 times
    (160 since last reset)
  • The average score is 41 of 60

Answer Stats

TotalAnswer% Correct
132United States
98%
69Japan
96%
60Russia
96%
10China
91%
17Canada
90%
43Iran
90%
34Germany
88%
36South Korea
88%
63Turkey
88%
17France
85%
116Soviet Union
85%
1Spain
85%
86Sweden
85%
21Italy
84%
1Mexico
81%
83Finland
79%
11Greece
78%
5India
78%
6Norway
78%
7Egypt
76%
32Romania
76%
15Ukraine
76%
3Australia
75%
10North Korea
75%
26Poland
74%
19Georgia
73%
22Cuba
72%
54Hungary
72%
10Uzbekistan
72%
69Bulgaria
71%
17Kazakhstan
71%
1Serbia
71%
8Armenia
70%
23Azerbaijan
69%
9Denmark
68%
14Switzerland
68%
16Yugoslavia
68%
2Austria
67%
3Belgium
66%
15Czechoslovakia
66%
9Mongolia
66%
11Belarus
65%
7East Germany
64%
2Lithuania
63%
1Pakistan
63%
11Estonia
62%
1Latvia
60%
1Tajikistan
60%
1Slovakia
59%
9West Germany
59%
2Colombia
48%
2Kyrgyzstan
46%
1Moldova
45%
17Great Britain
43%
1Syria
41%
1Tunisia
41%
1Macedonia
39%
3Lebanon
35%
16Unified Team
22%
1Puerto Rico
16%

Score Distribution

Percentile by Number Answered

Percent of People with Each Score

Your Score History

You have not taken this quiz since the last reset